Nomi dei calciatori - Quiz n°60 - Statistics

Statistiche generali
  • Questo quiz è stato fatto 35 volte
  • Il punteggio medio è 9 su 10
Statistiche sulle risposte
Hint Risposta % Corretto
Piątek Krzysztof
97%
Boateng Jerome
94%
Depay Memphis
94%
Kluivert Justin
91%
Stekelenburg Maarten
91%
Padoin Simone
91%
Kagawa Shinji
84%
Ndombele Tanguy
84%
Valencia Luis Antonio
72%
Strakosha Thomas
72%
Nessun quiz corrispondente trovato
Distribuzione punteggi
Percentuale di utenti per punteggio
Percentile per numero di risposta
I tuoi punteggi nel tempo
Non hai fatto questo quiz